| 000 | 00991cab a2200313 4500 | ||
|---|---|---|---|
| 001 | WB3018-34 | ||
| 008 | 090401t1994 xxu||||| |||| 00| 0 eng d | ||
| 035 | _a(Sirsi) u47297 | ||
| 041 | _aeng | ||
| 245 | _aNew technology for Barking Reach | ||
| 260 | _c1994 | ||
| 350 | _a0 | ||
| 490 |
_aNew Civil Engineer _v12 May 1994, 10 (1) |
||
| 520 | _aBalfour Beatty`s Barking Reach power station project in east London is to benefit from advanced communications technology for its site management. | ||
| 650 | _aBALFOUR BEATTY | ||
| 650 | _aBOVIS CONSTRUCTION | ||
| 650 | _aBROAD BAND COMMUNICATIONS IN CONSTRUCTION | ||
| 650 | _aCOMMUNICATIONS TECHNOLOGY | ||
| 650 | _aCOMMUNICATIONS | ||
| 650 | _aCONSTRUCTION SITES | ||
| 650 | _aOVE ARUP | ||
| 650 | _aPOWER STATION PROJECTS | ||
| 650 | _aRESEARCH | ||
| 650 | _aSITE MANAGEMENT | ||
| 650 | _aTELECOMMUNICATIONS | ||
| 690 | _aMANAGEMENT-BUSINESS MANAGEMENT-INFORMATION MANAGEMENT | ||
| 942 | _n0 | ||
| 948 | _c04/03/1997 | ||
| 999 |
_c29829 _d29829 |
||